000
00497nam a2200181Ia 4500
008
100917s9999 xx 000 0 und d
082
_b
27485
100
_a
टिळक इंदु , कोपरकर
245
_a
ओरिगामी
260
_b
केसरी मुद्रणालय
300
_a
10
365
_b
6
520
_a
हुन्नर
630
_a
ओरिगामी
650
_a
हुन्नर
730
_a
ओरिगामी
942
_c
BOOK
999
_c
632879
_d
632876